[Event "POL-chT 2nd League"]
[Site "Jastrzebia Gora"]
[Date "2022.09.11"]
[Round "9.92"]
[White "Grajczak, Adrian"]
[Black "Lewandowski, Marek"]
[Result "1/2-1/2"]
[WhiteElo "1831"]
[BlackElo "1758"]
[PlyCount "20"]
[EventDate "2022.09.03"]
[EventType "team-swiss"]
[EventRounds "9"]
[EventCountry "POL"]
[SourceTitle "CBM 210 Extra"]
[Source "ChessBase"]
[SourceDate "2022.11.30"]
[SourceVersion "1"]
[SourceVersionDate "2022.11.30"]
[SourceQuality "1"]
[WhiteTeam "Lipusz WDA"]
[BlackTeam "Torun UMK"]
[WhiteTeamCountry "POL"]
[BlackTeamCountry "POL"]

1. d4 d5 2. Nf3 c6 3. g3 Bg4 4. Bg2 e6 5. 0-0 Nd7 6. Nbd2 Bd6 7. b3 f5 8. Bb2 Ngf6 9. c4 0-0 10. Rc1 Rc8 1/2-1/2

[Event "Torun Budlex"]
[Site "Torun"]
[Date "2021.08.08"]
[Round "9"]
[White "Darowicki, Mariusz"]
[Black "Lewandowski, Marek"]
[Result "1-0"]
[WhiteElo "1913"]
[BlackElo "1752"]
[PlyCount "114"]
[EventDate "2021.07.31"]
[EventType "tourn"]
[EventRounds "9"]
[EventCountry "POL"]
[SourceTitle "EXT 2022"]
[Source "ChessBase"]
[SourceDate "2021.10.06"]
[SourceVersion "1"]
[SourceVersionDate "2021.10.06"]
[SourceQuality "1"]

1. e4 c5 2. Nf3 Nc6 3. Bb5 d6 4. Nc3 e5 5. a4 Be6 6. d3 Be7 7. 0-0 a6 8. Bc4 Bxc4 9. dxc4 Nf6 10. Bg5 Ng8 11. Nd5 h6 12. Be3 Nf6 13. Nxf6+ Bxf6 14. c3 Qd7 15. Qd3 Qe6 16. Rfd1 Be7 17. a5 0-0 18. Ra4 f5 19. Qd5 Qxd5 20. cxd5 Nd8 21. exf5 Rxf5 22. Rg4 Kh7 23. Rc4 Nf7 24. b4 cxb4 25. cxb4 Bd8 26. Kf1 Kg8 27. Rdc1 e4 28. Rxe4 Rxd5 29. Re8+ Kh7 30. Bb6 Kg6 31. Rc4 Rd1+ 32. Ke2 Rb1 33. Rg4+ Kh7 34. Rf8 Rb2+ 35. Kd1 Bxb6 36. Rxa8 Bxf2 37. Rb8 h5 38. Rf4 Ne5 39. Nxe5 dxe5 40. Re4 Bd4 41. Rxb7 Rxg2 42. h4 Kg6 43. Re2 Rg1+ 44. Kc2 Kf5 45. Kb3 g5 46. hxg5 Rxg5 47. Rh7 Kf4 48. Rh2 Kg4 49. Kc4 Be3 50. Rg2+ Kh4 51. Rxg5 Kxg5 52. Kd3 Bd4 53. Ke4 h4 54. b5 axb5 55. a6 Kg6 56. Rxh4 b4 57. Kd3 Bc5 1-0

[Event "Torun Budlex"]
[Site "Torun"]
[Date "2021.08.01"]
[Round "2"]
[White "Kutowski, Marcel"]
[Black "Lewandowski, Marek"]
[Result "1/2-1/2"]
[WhiteElo "1712"]
[BlackElo "1752"]
[PlyCount "50"]
[EventDate "2021.07.31"]
[EventType "tourn"]
[EventRounds "9"]
[EventCountry "POL"]
[SourceTitle "EXT 2022"]
[Source "ChessBase"]
[SourceDate "2021.10.06"]
[SourceVersion "1"]
[SourceVersionDate "2021.10.06"]
[SourceQuality "1"]

1. e4 c5 2. Nf3 d6 3. d4 cxd4 4. Nxd4 Nc6 5. Nc3 g6 6. Be3 Bg7 7. Qd2 Nf6 8. f3 0-0 9. 0-0-0 a6 10. g4 Nxd4 11. Bxd4 Qa5 12. Kb1 Be6 13. Nd5 Qxd2 14. Nxe7+ Kh8 15. Rxd2 Rfe8 16. Bxf6 Bxf6 17. Nd5 Bxd5 18. Rxd5 Be5 19. Bc4 Kg7 20. h4 h6 21. Rdd1 Rab8 22. Bd5 Re7 23. Rhf1 Bf4 24. Rd4 b5 25. Rd3 Rc7 1/2-1/2

[Event "Kujawsko Pomorskie-ch op 67th"]
[Site "Inowroclaw"]
[Date "2014.08.13"]
[Round "8"]
[White "Lewandowski, Marek"]
[Black "Tamon, Radoslaw"]
[Result "1/2-1/2"]
[WhiteElo "1824"]
[BlackElo "1844"]
[PlyCount "40"]
[EventDate "2014.08.09"]
[EventType "swiss"]
[EventRounds "9"]
[EventCountry "POL"]
[SourceTitle "EXT 2019"]
[Source "ChessBase"]
[SourceDate "2018.10.10"]
[SourceVersion "1"]
[SourceVersionDate "2018.10.10"]
[SourceQuality "1"]

1. e4 e6 2. Nc3 d5 3. d4 Nf6 4. e5 Nfd7 5. Qg4 f5 6. Qg3 a6 7. Nf3 c5 8. Be3 Qc7 9. Ng5 Nb6 10. Nxh7 cxd4 11. Bxd4 Nc6 12. Qg6+ Kd8 13. Bxb6 Qxb6 14. 0-0-0 Bd7 15. Nxf8 Rxf8 16. Qxg7 Re8 17. Be2 Kc8 18. Rhf1 Qa5 19. Bc4 Qd8 20. Bb3 Rg8 1/2-1/2

[Event "POL-chT3 Kujawsko Pomorskie 1314"]
[Site "Poland"]
[Date "2013.??.??"]
[Round "6.24"]
[White "Lewandowski, Marek"]
[Black "Dolinski, Piotr"]
[Result "1-0"]
[WhiteElo "1901"]
[BlackElo "1803"]
[PlyCount "115"]
[EventDate "2013.11.03"]
[EventType "team-tourn"]
[EventRounds "11"]
[EventCountry "POL"]
[SourceTitle "EXT 2015"]
[Source "ChessBase"]
[SourceDate "2014.11.20"]
[SourceVersion "1"]
[SourceVersionDate "2014.11.20"]
[SourceQuality "1"]
[WhiteTeam "Torun Torfarm 64"]
[BlackTeam "Bydgoszcz Wiartrak"]
[WhiteTeamCountry "POL"]
[BlackTeamCountry "POL"]

1. e4 Nc6 2. Nc3 e6 3. d4 Bb4 4. Nf3 a6 5. Bd3 b5 6. 0-0 Bb7 7. Bg5 Be7 8. Bxe7 Ncxe7 9. Re1 Ng6 10. Qd2 Nh6 11. a4 b4 12. Ne2 a5 13. Nf4 0-0 14. c3 bxc3 15. bxc3 Qf6 16. Nh5 Qe7 17. Nf4 Qf6 18. Nxg6 fxg6 19. Qg5 Kh8 20. Rab1 Bc6 21. Bb5 Nf7 22. Qxf6 gxf6 23. Bxc6 dxc6 24. e5 f5 25. Rb7 Rfc8 26. Reb1 h6 27. Nd2 Kg8 28. Nc4 Kf8 29. Kf1 Ke8 30. Ke2 Nd8 31. R7b2 Kd7 32. f4 Nf7 33. Rb7 Ke8 34. g3 Nd8 35. R7b2 Nf7 36. Kd3 Kd7 37. Rb7 Ke8 38. h3 h5 39. Ne3 Kd7 40. Nc4 Ke8 41. g4 Nd8 42. R7b2 c5 43. gxh5 gxh5 44. dxc5 Nc6 45. Ne3 Kf7 46. Rg2 Rab8 47. Rbg1 Ne7 48. Kc4 c6 49. Rg7+ Ke8 50. Rh7 Kd7 51. Rgg7 Re8 52. Kd3 Rb3 53. Nc4 Kd8 54. Nd6 Rb1 55. Nxe8 Nd5 56. Nd6 Rd1+ 57. Kc2 Ne3+ 58. Kb2 1-0

[Event "POL-chT3 Kujawsko Pomorskie 1314"]
[Site "Poland"]
[Date "2013.??.??"]
[Round "4.19"]
[White "Lewandowski, Marek"]
[Black "Kozakiewicz, Gracjan"]
[Result "1/2-1/2"]
[WhiteElo "1901"]
[BlackElo "1577"]
[PlyCount "97"]
[EventDate "2013.11.03"]
[EventType "team-tourn"]
[EventRounds "11"]
[EventCountry "POL"]
[SourceTitle "EXT 2015"]
[Source "ChessBase"]
[SourceDate "2014.11.20"]
[SourceVersion "1"]
[SourceVersionDate "2014.11.20"]
[SourceQuality "1"]
[WhiteTeam "Torun Torfarm 64"]
[BlackTeam "Bydgoszcz Hetman"]
[WhiteTeamCountry "POL"]
[BlackTeamCountry "POL"]

1. d4 Nf6 2. Bg5 e6 3. e4 h6 4. Bxf6 Qxf6 5. Nf3 b6 6. Bd3 Bb7 7. Nbd2 d6 8. c3 Nd7 9. Qe2 a6 10. a4 Qd8 11. 0-0 Be7 12. Rad1 0-0 13. e5 dxe5 14. Nxe5 Nxe5 15. dxe5 c5 16. Nc4 Qc7 17. f4 b5 18. axb5 axb5 19. Nd6 c4 20. Be4 Qc5+ 21. Kh1 Bxe4 22. Qxe4 Bxd6 23. exd6 Rfd8 24. Qe5 Rac8 25. Rd4 Rc6 26. h3 Kh8 27. Rfd1 Kg8 28. Kh2 Kf8 29. Kg3 Re8 30. Kf3 f6 31. Qxc5 Rxc5 32. g4 Rd8 33. Ke4 g6 34. Ra1 f5+ 35. Kf3 Rc6 36. Ra5 Rb6 37. h4 Kf7 38. g5 hxg5 39. hxg5 Ke8 40. Ke3 Kf7 41. Ra7+ Kf8 42. Ra5 Kf7 43. Ra7+ Kf8 44. Ra5 Kf7 45. Rd2 Ke8 46. Rh2 Kd7 47. Rh7+ Kxd6 48. Rg7 Kc5 49. Rc7+ 1/2-1/2

[Event "POL-ch Amateur"]
[Site "Wroclaw"]
[Date "2013.??.??"]
[Round "1"]
[White "Muller, Marcin"]
[Black "Lewandowski, Marek"]
[Result "0-1"]
[WhiteElo "1557"]
[BlackElo "1887"]
[PlyCount "54"]
[EventDate "2013.06.??"]
[EventType "swiss"]
[EventRounds "9"]
[EventCountry "POL"]
[SourceTitle "EXT 2014"]
[Source "ChessBase"]
[SourceDate "2013.11.20"]
[SourceVersion "1"]
[SourceVersionDate "2013.11.20"]
[SourceQuality "1"]

1. e4 c5 2. Nf3 Nc6 3. Nc3 e6 4. d4 cxd4 5. Nxd4 Bb4 6. a3 Bxc3+ 7. bxc3 Nf6 8. Bd3 0-0 9. 0-0 e5 10. Ne2 d5 11. Ng3 dxe4 12. Nxe4 Nxe4 13. Bxe4 Be6 14. Qh5 f5 15. Bxc6 bxc6 16. Qe2 Re8 17. Rd1 Qc7 18. c4 Rad8 19. Bb2 e4 20. Rxd8 Rxd8 21. Rd1 Rd7 22. g3 Qd8 23. Rxd7 Qxd7 24. f4 exf3 25. Qxf3 Bxc4 26. Qc3 Qd1+ 27. Kg2 Qf1# 0-1

[Event "POL-chT3 Kujawsko Pomorskie 1314"]
[Site "Poland"]
[Date "2013.??.??"]
[Round "3.19"]
[White "Wloch, Mikolaj"]
[Black "Lewandowski, Marek"]
[Result "0-1"]
[WhiteElo "1399"]
[BlackElo "1901"]
[PlyCount "52"]
[EventDate "2013.11.03"]
[EventType "team-tourn"]
[EventRounds "11"]
[EventCountry "POL"]
[SourceTitle "EXT 2015"]
[Source "ChessBase"]
[SourceDate "2014.11.20"]
[SourceVersion "1"]
[SourceVersionDate "2014.11.20"]
[SourceQuality "1"]
[WhiteTeam "Bydgoszcz Chemik II"]
[BlackTeam "Torun Torfarm 64"]
[WhiteTeamCountry "POL"]
[BlackTeamCountry "POL"]

1. e4 c5 2. Nf3 Nc6 3. d4 cxd4 4. Nxd4 Nf6 5. Nc3 e5 6. Ndb5 d6 7. Bg5 a6 8. Na3 Be6 9. Nc4 Rc8 10. Ne3 Be7 11. Bxf6 Bxf6 12. Ncd5 Bg5 13. c3 0-0 14. Bd3 Ne7 15. 0-0 Bxd5 16. exd5 Bxe3 17. fxe3 f5 18. e4 Qb6+ 19. Kh1 fxe4 20. Rxf8+ Rxf8 21. Bxe4 Qxb2 22. Rb1 Qf2 23. h3 b5 24. Qh5 Nf5 25. Kh2 Qf4+ 26. Kg1 Qxe4 0-1

[Event "POL-ch Amateur"]
[Site "Wroclaw"]
[Date "2012.06.24"]
[Round "6"]
[White "Dobrowolski, Marcin"]
[Black "Lewandowski, Marek"]
[Result "1/2-1/2"]
[WhiteElo "1991"]
[BlackElo "1932"]
[PlyCount "72"]
[EventDate "2012.06.22"]
[EventType "swiss"]
[EventRounds "7"]
[EventCountry "POL"]
[SourceTitle "EXT 2013"]
[Source "ChessBase"]
[SourceDate "2012.11.22"]
[SourceVersion "1"]
[SourceVersionDate "2012.11.22"]
[SourceQuality "1"]

1. d4 d5 2. c4 c6 3. Nf3 e6 4. Nc3 Nf6 5. Qc2 Bb4 6. Bd2 0-0 7. e3 Nbd7 8. cxd5 exd5 9. Bd3 Re8 10. 0-0-0 a5 11. Rdg1 b5 12. g4 Bxc3 13. Bxc3 b4 14. Be1 Ba6 15. Bf5 Ne4 16. Nd2 g6 17. Bxd7 Qxd7 18. f3 Nxd2 19. Qxd2 Qe7 20. Bf2 c5 21. dxc5 Qxc5+ 22. Kb1 d4 23. e4 Qb5 24. Rd1 d3 25. Qh6 Qe5 26. h4 Rac8 27. Rd2 Rc2 28. Rxc2 dxc2+ 29. Kc1 Rd8 30. Be3 Rd1+ 31. Rxd1 cxd1Q+ 32. Kxd1 Qxb2 33. Qf4 Qe2+ 34. Kc1 Qc4+ 35. Kd1 Qe2+ 36. Kc1 Qc4+ 1/2-1/2

[Event "POL-ch Amateur"]
[Site "Wroclaw"]
[Date "2012.06.23"]
[Round "2"]
[White "Bienias, Piotr"]
[Black "Lewandowski, Marek"]
[Result "1/2-1/2"]
[WhiteElo "1689"]
[BlackElo "1932"]
[PlyCount "112"]
[EventDate "2012.06.22"]
[EventType "swiss"]
[EventRounds "7"]
[EventCountry "POL"]
[SourceTitle "EXT 2013"]
[Source "ChessBase"]
[SourceDate "2012.11.22"]
[SourceVersion "1"]
[SourceVersionDate "2012.11.22"]
[SourceQuality "1"]

1. e4 c5 2. Nf3 Nf6 3. e5 Nd5 4. Nc3 e6 5. Nxd5 exd5 6. d4 c4 7. Bf4 Qb6 8. Qc1 Be7 9. Be2 Nc6 10. c3 Nd8 11. Bg5 Bxg5 12. Nxg5 d6 13. 0-0 dxe5 14. dxe5 h6 15. Nf3 Nc6 16. Qc2 Be6 17. Rfe1 Qc7 18. Rad1 Rd8 19. Nd4 Nxd4 20. cxd4 b5 21. f4 Qd7 22. Qc3 0-0 23. Bf3 Ra8 24. Re3 a5 25. Qe1 Ra6 26. Qh4 f5 27. exf6 Rxf6 28. Rde1 Qf7 29. Re5 Kh7 30. g3 b4 31. R1e3 a4 32. Bd1 b3 33. a3 Qa7 34. f5 Bxf5 35. Bf3 Bd3 36. Bxd5 Rf1+ 37. Kg2 Raf6 38. Be4+ Bxe4+ 39. Qxe4+ Kg8 40. Re8+ Rf8 41. Rxf8+ Rxf8 42. Qe6+ Qf7 43. Qxf7+ Kxf7 44. Rc3 Rc8 45. Kf3 Ke6 46. Ke4 Kd6 47. d5 Rc5 48. Kd4 Rxd5+ 49. Kxc4 Rd2 50. Kb4 Rxh2 51. Kxa4 Rxb2 52. Rxb3 Rxb3 53. Kxb3 h5 54. Kc3 g5 55. Kd3 h4 56. gxh4 gxh4 1/2-1/2

[Event "POL-ch Amateur"]
[Site "Wroclaw"]
[Date "2012.06.22"]
[Round "1"]
[White "Lewandowski, Marek"]
[Black "Skowronek, Janusz Andrzej"]
[Result "1/2-1/2"]
[WhiteElo "1932"]
[BlackElo "1603"]
[PlyCount "86"]
[EventDate "2012.06.22"]
[EventType "swiss"]
[EventRounds "7"]
[EventCountry "POL"]
[SourceTitle "EXT 2013"]
[Source "ChessBase"]
[SourceDate "2012.11.22"]
[SourceVersion "1"]
[SourceVersionDate "2012.11.22"]
[SourceQuality "1"]

1. e4 c6 2. d4 d5 3. e5 e6 4. f4 c5 5. c3 Nc6 6. Bb5 Bd7 7. Nf3 Qb6 8. Bxc6 Bxc6 9. 0-0 Ne7 10. dxc5 Qxc5+ 11. Kh1 Nf5 12. Nd4 Nxd4 13. cxd4 Qb6 14. Nc3 Be7 15. Rf2 0-0-0 16. Be3 Kb8 17. a3 f6 18. Qg4 f5 19. Qxg7 Qc7 20. Qg3 Rdg8 21. Qf3 h5 22. Rc1 Qd8 23. b4 a6 24. Qe2 Qe8 25. Qb2 Rg4 26. Qb3 b5 27. Ra1 Rhg8 28. a4 Ka7 29. axb5 Bxb5 30. Nxb5+ Qxb5 31. Rfa2 Kb7 32. Qa4 Qxa4 33. Rxa4 Rxg2 34. Rxa6 Bh4 35. R6a2 R2g6 36. Rc2 Bd8 37. Rg1 Rxg1+ 38. Bxg1 Be7 39. b5 Rc8 40. Rxc8 Kxc8 41. Kg2 Kb7 42. Kf3 Kb6 43. Ke3 Kxb5 1/2-1/2

[Event "POL-chT3 Kujawsko Pomorskie 1011"]
[Site "Poland"]
[Date "2011.03.27"]
[Round "9.3"]
[White "Wisniewski, Przemyslaw"]
[Black "Lewandowski, Marek"]
[Result "1/2-1/2"]
[WhiteElo "2061"]
[BlackElo "1906"]
[PlyCount "104"]
[EventDate "2010.11.07"]
[EventType "team-tourn"]
[EventRounds "11"]
[EventCountry "POL"]
[SourceTitle "EXT 2019"]
[Source "ChessBase"]
[SourceDate "2018.10.10"]
[SourceVersion "1"]
[SourceVersionDate "2018.10.10"]
[SourceQuality "1"]

1. Nf3 Nf6 2. d4 d5 3. Bf4 c5 4. e3 Nc6 5. c3 cxd4 6. exd4 Bg4 7. Be2 e6 8. h3 Bxf3 9. Bxf3 Bd6 10. Bxd6 Qxd6 11. 0-0 0-0 12. Nd2 b5 13. a3 Na5 14. b4 Nc4 15. Nxc4 bxc4 16. a4 Rab8 17. Re1 Rfc8 18. Qd2 h6 19. g4 Nh7 20. Bg2 Re8 21. f4 Rbd8 22. Re2 f6 23. a5 e5 24. fxe5 fxe5 25. dxe5 Rxe5 26. Rxe5 Qxe5 27. Re1 Qd6 28. Qd4 Qd7 29. Qc5 Kf7 30. b5 Nf6 31. b6 axb6 32. axb6 Rc8 33. Qd4 Qc6 34. Re5 Rb8 35. Bxd5+ Nxd5 36. Qxd5+ Qxd5 37. Rxd5 Rxb6 38. Rc5 Rb2 39. Rxc4 Kf6 40. Rc7 g6 41. h4 Rc2 42. Rc5 Ke6 43. h5 gxh5 44. gxh5 Kd6 45. Rc8 Kd7 46. Rc4 Ke6 47. Kf1 Kd5 48. Rc8 Kd6 49. Rh8 Rxc3 50. Rxh6+ Ke7 51. Kg2 Kf7 52. Ra6 Kg7 1/2-1/2

[Event "POL-chT3 Kujawsko Pomorskie 1011"]
[Site "Poland"]
[Date "2011.01.23"]
[Round "5.15"]
[White "Lewandowski, Marek"]
[Black "Chrapkowski, Grzegorz"]
[Result "0-1"]
[WhiteElo "1906"]
[BlackElo "2207"]
[PlyCount "64"]
[EventDate "2010.11.07"]
[EventType "team-tourn"]
[EventRounds "11"]
[EventCountry "POL"]
[SourceTitle "EXT 2019"]
[Source "ChessBase"]
[SourceDate "2018.10.10"]
[SourceVersion "1"]
[SourceVersionDate "2018.10.10"]
[SourceQuality "1"]

1. e4 c5 2. Nc3 Nc6 3. Bb5 g6 4. Bxc6 dxc6 5. f4 Bg7 6. Nf3 Nf6 7. d3 0-0 8. 0-0 b6 9. Qe1 Ne8 10. Qh4 Nc7 11. Ng5 h6 12. Nh3 e6 13. Qg3 Kh7 14. Be3 f5 15. Nf2 Nb5 16. Nxb5 cxb5 17. Rab1 b4 18. e5 Bb7 19. a3 bxa3 20. b3 a5 21. Ra1 Rg8 22. Rxa3 Bf8 23. Raa1 Be7 24. Rfe1 g5 25. Kf1 gxf4 26. Qxf4 Bg5 27. Qa4 Bxg2+ 28. Kxg2 Bxe3+ 29. Kf3 Bd4 30. Rad1 Qh4 31. Rf1 Qh5+ 32. Kf4 Bxf2 0-1

[Event "POL-chT3 1112"]
[Site "Poland"]
[Date "2011.??.??"]
[Round "2.23"]
[White "Musial, Marian"]
[Black "Lewandowski, Marek"]
[Result "0-1"]
[WhiteElo "1694"]
[BlackElo "1909"]
[PlyCount "86"]
[EventDate "2011.11.06"]
[EventType "team-tourn"]
[EventRounds "11"]
[EventCountry "POL"]
[SourceTitle "EXT 2015"]
[Source "ChessBase"]
[SourceDate "2014.11.20"]
[SourceVersion "1"]
[SourceVersionDate "2014.11.20"]
[SourceQuality "1"]
[WhiteTeam "Bydgoszcz Wiartrak"]
[BlackTeam "Torun Torfarm 64"]
[WhiteTeamCountry "POL"]
[BlackTeamCountry "POL"]

1. e4 c5 2. Nf3 Nc6 3. Bc4 e6 4. Nc3 a6 5. a4 Nge7 6. 0-0 g6 7. d4 cxd4 8. Nxd4 Bg7 9. Be3 0-0 10. Nce2 Qc7 11. Bd3 d5 12. Nxc6 bxc6 13. Qc1 c5 14. exd5 Nxd5 15. Be4 Nxe3 16. fxe3 Rb8 17. Rb1 Rb4 18. Bf3 Rxa4 19. c3 Ra5 20. c4 Ra4 21. b3 Rb4 22. Nc3 Bb7 23. Qc2 Qe5 24. Nd1 Rb8 25. Qf2 Bxf3 26. Qxf3 Qc7 27. Nf2 Rxb3 28. Rxb3 Rxb3 29. Qa8+ Qb8 30. Qxa6 Rxe3 31. Ng4 Re4 32. Nf6+ Bxf6 33. Rxf6 Qe5 34. Rf1 Qd4+ 35. Kh1 Qxc4 36. Qc8+ Kg7 37. Ra1 Qc3 38. Rg1 Re1 39. h3 Rxg1+ 40. Kxg1 Qd4+ 41. Kf1 c4 42. Ke2 c3 43. Qb8 c2 0-1

[Event "POL-chT 2st League"]
[Site "Mrzezyno"]
[Date "2010.09.09"]
[Round "6.77"]
[White "Lewandowski, Marek"]
[Black "Banach, Wieslaw"]
[Result "0-1"]
[WhiteElo "1922"]
[BlackElo "2121"]
[PlyCount "120"]
[EventDate "2010.09.04"]
[EventType "team-swiss"]
[EventRounds "9"]
[EventCountry "POL"]
[SourceTitle "EXT 2019"]
[Source "ChessBase"]
[SourceDate "2018.10.10"]
[SourceVersion "1"]
[SourceVersionDate "2018.10.10"]
[SourceQuality "1"]
[WhiteTeam "Klub Szachowy Torfarm 64"]
[BlackTeam "Gniezno LKS Chrobry"]
[WhiteTeamCountry "POL"]
[BlackTeamCountry "POL"]

1. e4 e6 2. d4 d5 3. exd5 exd5 4. Bd3 Nc6 5. c3 Bd6 6. h3 Nge7 7. Nf3 Bf5 8. Be3 Qd7 9. Na3 0-0 10. Nb5 Be4 11. Nxd6 Qxd6 12. Bxe4 dxe4 13. Nd2 f5 14. g3 Nd5 15. Qe2 Rad8 16. 0-0-0 Nce7 17. Kb1 Nxe3 18. Qxe3 Nd5 19. Qe2 Rde8 20. Nc4 Qa6 21. Rhe1 Qe6 22. Ne3 c6 23. Nxd5 cxd5 24. Qe3 Qd6 25. Qf4 Qxf4 26. gxf4 Rf6 27. Re3 Rh6 28. b3 b5 29. Kb2 Rh4 30. a4 bxa4 31. b4 Rxf4 32. Rd2 Rh4 33. Rg3 h6 34. Rg6 f4 35. Rd6 Rh5 36. Ka3 Rc8 37. Kxa4 Rxc3 38. Rd7 Rc1 39. Kb5 Ra1 40. Kc6 Rf5 41. Rxd5 Rf6+ 42. Kd7 Re1 43. Re5 e3 44. fxe3 f3 45. Rf2 Re2 46. Rf1 f2 47. Re8+ Kh7 48. d5 Re1 49. Rxf2 Rxf2 50. d6 Rfe2 51. Kc7 Rxe3 52. Rxe3 Rxe3 53. d7 Rc3+ 54. Kb7 Rd3 55. Kc7 g5 56. d8Q Rxd8 57. Kxd8 h5 58. Kc7 g4 59. hxg4 hxg4 60. Kb7 g3 0-1

[Event "POL-chT 2st League"]
[Site "Mrzezyno"]
[Date "2010.09.06"]
[Round "3.77"]
[White "Kotarski, Grzegorz"]
[Black "Lewandowski, Marek"]
[Result "0-1"]
[WhiteElo "1586"]
[BlackElo "1922"]
[PlyCount "96"]
[EventDate "2010.09.04"]
[EventType "team-swiss"]
[EventRounds "9"]
[EventCountry "POL"]
[SourceTitle "EXT 2019"]
[Source "ChessBase"]
[SourceDate "2018.10.10"]
[SourceVersion "1"]
[SourceVersionDate "2018.10.10"]
[SourceQuality "1"]
[WhiteTeam "Lomza Devo Maraton"]
[BlackTeam "Klub Szachowy Torfarm 64"]
[WhiteTeamCountry "POL"]
[BlackTeamCountry "POL"]

1. d4 d5 2. c4 e6 3. Nc3 c6 4. cxd5 exd5 5. Bf4 Bd6 6. Bxd6 Qxd6 7. e4 dxe4 8. Nxe4 Qe7 9. Qe2 Be6 10. Nc5 Nf6 11. Nxe6 fxe6 12. Nf3 Nbd7 13. g3 Qb4+ 14. Qd2 Qxd2+ 15. Nxd2 0-0-0 16. Bh3 Kc7 17. 0-0 e5 18. dxe5 Nxe5 19. f4 Nd3 20. Nc4 Rhe8 21. Bf5 b5 22. Bxd3 Rxd3 23. Ne5 Rd2 24. Rfc1 Re6 25. b3 Nd7 26. Nf3 Rd3 27. Kf2 Nf6 28. Ne5 Rd2+ 29. Kg1 Nd7 30. Nf3 Rd3 31. Kf2 Kb6 32. Rd1 Rxd1 33. Rxd1 Nf6 34. h3 Ne4+ 35. Kg2 Nc3 36. Rd2 a5 37. Ne5 Nd5 38. Kf3 Nf6 39. g4 g5 40. Nd7+ Nxd7 41. Rxd7 gxf4 42. Rxh7 a4 43. b4 Re3+ 44. Kxf4 Ra3 45. g5 Rxa2 46. g6 Rg2 47. g7 a3 48. Rh8 Rxg7 0-1

[Event "POL-chT 2st League"]
[Site "Mrzezyno"]
[Date "2010.09.04"]
[Round "1.17"]
[White "Sapeta, Robert"]
[Black "Lewandowski, Marek"]
[Result "1-0"]
[WhiteElo "2098"]
[BlackElo "1922"]
[PlyCount "109"]
[EventDate "2010.09.04"]
[EventType "team-swiss"]
[EventRounds "9"]
[EventCountry "POL"]
[SourceTitle "EXT 2019"]
[Source "ChessBase"]
[SourceDate "2018.10.10"]
[SourceVersion "1"]
[SourceVersionDate "2018.10.10"]
[SourceQuality "1"]
[WhiteTeam "Pawlowice GKS Pniowek 74"]
[BlackTeam "Klub Szachowy Torfarm 64"]
[WhiteTeamCountry "POL"]
[BlackTeamCountry "POL"]

1. e4 c5 2. Nf3 Nc6 3. Bb5 g6 4. 0-0 Bg7 5. c3 e6 6. d4 cxd4 7. cxd4 a6 8. Ba4 d5 9. exd5 exd5 10. Re1+ Nge7 11. Bxc6+ bxc6 12. Bg5 f6 13. Bf4 0-0 14. Nbd2 g5 15. Bg3 Nf5 16. Nb3 Nxg3 17. hxg3 Re8 18. Qc2 Bd7 19. Nc5 Bf8 20. Rac1 Rxe1+ 21. Rxe1 Ra7 22. Re3 Qc8 23. Rc3 Be8 24. Re3 Bg6 25. Qc3 Re7 26. b4 Rxe3 27. Qxe3 Bxc5 28. dxc5 Qe8 29. Qxe8+ Bxe8 30. Nd4 Kf7 31. f4 Bd7 32. Kf2 h6 33. Ke3 Ke7 34. Kd3 Kd8 35. Kc3 Kc7 36. Kd3 Kd8 37. Ke3 Ke7 38. g4 Be8 39. Nf5+ Kd7 40. Nxh6 Ke6 41. g3 Ke7 42. Nf5+ Kd7 43. Nd4 Bg6 44. fxg5 fxg5 45. Nf3 Ke6 46. Nxg5+ Ke5 47. Nf3+ Kf6 48. Kf4 Be8 49. g5+ Ke6 50. Nd4+ Kf7 51. Kf5 Bd7+ 52. Ke5 Ke7 53. g6 Be8 54. Nf5+ Kf8 55. Kf6 1-0

[Event "POL-chT3 Kujawsko Pomorskie 0910"]
[Site "Poland"]
[Date "2010.02.21"]
[Round "8.28"]
[White "Lewandowski, Marek"]
[Black "Hetman, Radoslaw"]
[Result "0-1"]
[WhiteElo "1934"]
[BlackElo "2002"]
[PlyCount "98"]
[EventDate "2009.11.08"]
[EventType "team-tourn"]
[EventRounds "11"]
[EventCountry "POL"]
[SourceTitle "EXT 2020"]
[Source "ChessBase"]
[SourceDate "2019.10.17"]
[SourceVersion "1"]
[SourceVersionDate "2019.10.17"]
[SourceQuality "1"]

1. e4 Nf6 2. Nc3 e6 3. e5 Nd5 4. Nxd5 exd5 5. d4 d6 6. exd6 Bxd6 7. Bd3 0-0 8. Ne2 Qh4 9. Be3 Bg4 10. Qd2 Bxe2 11. Bxe2 Re8 12. 0-0-0 h6 13. Bd3 Nd7 14. Kb1 a5 15. g4 Nb6 16. Bf4 Nc4 17. Bxc4 dxc4 18. Bxd6 cxd6 19. Qf4 Re2 20. Rhf1 d5 21. Qf3 Re4 22. h3 Rae8 23. a3 Qd8 24. Qc3 b5 25. Rfe1 Qb6 26. Rxe4 Rxe4 27. b4 axb4 28. axb4 Qe6 29. Kb2 Re2 30. Qf3 Qe7 31. Kc3 Re4 32. Ra1 g6 33. Qg3 Qf6 34. Rd1 Qa6 35. Kb2 Qa7 36. Qa3 Qe7 37. Qa8+ Kg7 38. Qa3 Re2 39. Qc3 Qf6 40. Qg3 Re4 41. Kc3 Rf4 42. Kb2 g5 43. Qe3 Re4 44. Qg3 Kh7 45. Rd2 Re1 46. Qa3 Qf4 47. Qc3 Rf1 48. Qe3 Qd6 49. Qc3 Qa6 0-1

[Event "POL-chT3 Kujawsko Pomorskie 0910"]
[Site "Poland"]
[Date "2010.02.07"]
[Round "7.4"]
[White "Litowski, Jakub"]
[Black "Lewandowski, Marek"]
[Result "0-1"]
[WhiteElo "1815"]
[BlackElo "1934"]
[PlyCount "68"]
[EventDate "2009.11.08"]
[EventType "team-tourn"]
[EventRounds "11"]
[EventCountry "POL"]
[SourceTitle "EXT 2020"]
[Source "ChessBase"]
[SourceDate "2019.10.17"]
[SourceVersion "1"]
[SourceVersionDate "2019.10.17"]
[SourceQuality "1"]

1. e4 c5 2. Nf3 Nc6 3. d4 cxd4 4. Nxd4 Nf6 5. f3 e5 6. Nxc6 bxc6 7. c4 Bc5 8. Bd3 Qb6 9. Qe2 a5 10. Nd2 a4 11. a3 Qa5 12. Kf1 Bd4 13. g3 d6 14. Kg2 c5 15. Nf1 Rb8 16. Ne3 Qc7 17. Rb1 0-0 18. Nd5 Nxd5 19. exd5 f5 20. Be3 Qf7 21. Bxd4 cxd4 22. Bc2 Bd7 23. b4 axb3 24. Rxb3 Rxb3 25. Bxb3 e4 26. fxe4 fxe4 27. Rf1 Bh3+ 28. Kxh3 Qxf1+ 29. Qxf1 Rxf1 30. c5 dxc5 31. Bc4 Rf6 32. a4 d3 33. a5 d2 34. Be2 Kf8 0-1

[Event "POL-chT3 Kujawsko Pomorskie 0910"]
[Site "Poland"]
[Date "2009.12.20"]
[Round "4.16"]
[White "Lewandowski, Marek"]
[Black "Karpinski, Bartlomiej"]
[Result "1-0"]
[WhiteElo "1934"]
[BlackElo "1789"]
[PlyCount "73"]
[EventDate "2009.11.08"]
[EventType "team-tourn"]
[EventRounds "11"]
[EventCountry "POL"]
[SourceTitle "EXT 2020"]
[Source "ChessBase"]
[SourceDate "2019.10.17"]
[SourceVersion "1"]
[SourceVersionDate "2019.10.17"]
[SourceQuality "1"]

1. e4 d5 2. exd5 Qxd5 3. Nc3 Qa5 4. d4 c6 5. Bc4 Nf6 6. Nf3 Bg4 7. h3 Bh5 8. Bd2 Qc7 9. Qe2 e6 10. 0-0-0 Be7 11. g4 Bg6 12. Ne5 Nfd7 13. Bf4 Bd6 14. Kb1 Nxe5 15. Bxe5 Bxe5 16. dxe5 Nd7 17. f4 0-0-0 18. Rhf1 h6 19. Rde1 Rde8 20. Qf2 Qb6 21. Qxb6 Nxb6 22. Bb3 Rhf8 23. Kc1 Bh7 24. Rf2 Kc7 25. Ne2 Nd7 26. Ng3 Nc5 27. Bc4 b5 28. Bf1 Nd7 29. Rd1 Rd8 30. Bg2 Nb6 31. b3 Rxd1+ 32. Kxd1 Rd8+ 33. Kc1 Nd5 34. Bxd5 cxd5 35. Nh5 Kd7 36. Nxg7 Ke7 37. f5 1-0